| 000 | 00560nam a2200181Ia 4500 | ||
|---|---|---|---|
| 008 | 151213s9999 xx 000 0 und d | ||
| 020 | _a978-81-203-3305-5 | ||
| 082 |
_a659.1 _b659.1 |
||
| 100 | _aKenneth E. Clow & Donald Back | ||
| 245 |
_aInternational Advertising Promotion and Marketing Communication _cKenneth E. Clow & Donald Back |
||
| 250 | _a3rd | ||
| 260 |
_aNew Delhi _bPrentic Hall of India Private Limited _c2007 |
||
| 300 | _a9534 p. | ||
| 650 | _aMarketing | ||
| 650 | _aMarketing | ||
| 700 | _aKenneth E. Clow & Donald Back | ||
| 999 |
_c4780 _d4780 |
||